Para la vida. Lecciones de la Experiencia (Record no. 11212)
[ view plain ]
| 000 -LEADER | |
|---|---|
| campo de control de longitud fija | 00353nam a2200145Ia 4500 |
| 001 - NÚMERO DE CONTROL | |
| campo de control | 1945 |
| 008 - DATOS DE LONGITUD FIJA--INFORMACIÓN GENERAL | |
| campo de control de longitud fija | 241024s9999 xx 000 0 und d |
| 020 ## - NÚMERO INTERNACIONAL ESTÁNDAR DEL LIBRO | |
| Número Internacional Estándar del Libro | 92-806-3210-8 |
| 082 ## - NÚMERO DE LA CLASIFICACIÓN DECIMAL DEWEY | |
| Número de clasificación | 305.2/UN58p |
| 100 ## - ENTRADA PRINCIPAL--NOMBRE DE PERSONA | |
| Nombre de persona | UNICEF |
| 245 #0 - MENCIÓN DEL TÍTULO | |
| Título | Para la vida. Lecciones de la Experiencia |
| 260 ## - PUBLICACIÓN, DISTRIBUCIÓN, ETC. | |
| Nombre del editor, distribuidor, etc. | UNICEF |
| Fecha de publicación, distribución, etc. | 1996 |
| 901 ## - ELEMENTOS DE DATOS A LOCAL LDA (RLIN) | |
| a | 4/10/2011 3:42:20 p.m. |
No items available.